Fascist leader titles - Statistics

General Stats
  • This quiz has been taken 234 times
  • The average score is 4 of 12
Answer Stats
Country Leader Title % Correct
Germany Adolf Hitler Führer
95%
Italy Benito Mussolini Duce
85%
Spain Francisco Franco Caudillo
44%
France Philippe Pétain Maréchal
34%
Romania Ion Antonescu Conducător
29%
Croatia Ante Pavelić Poglavnik
24%
Greece Ioannis Metaxas Arhigos
20%
Norway Vidkun Quisling Fører
20%
Slovakia Jozef Tiso Vodca
19%
Burma Ba Maw Adipati
14%
United States (Dis)honorable mention: Silver Legion leader William Dudley Pelley Chief
9%
Hungary Ferenc Szálasi Nemzetvezető
4%
No matching quizzes found
Score Distribution
Percent of People with Each Score
Percentile by Number Answered
Your Score History
You have not taken this quiz